| 000 | 00399nam a2200157Ia 4500 | ||
|---|---|---|---|
| 008 | 230711s9999||||xx |||||||||||||| ||und|| | ||
| 020 | _a978-184413042-9 | ||
| 041 | _aENG | ||
| 082 |
_a800 _bBR-H |
||
| 100 | _aBrunton,Paul | ||
| 245 | 2 | _aA hermit in the himalayas (the classic work of mystical quest) | |
| 260 |
_c2003 _aLondon _bRider & Co |
||
| 300 | _a187 | ||
| 650 | _aLiterature | ||
| 942 | _cBK | ||
| 999 |
_c5215 _d5215 |
||